Rois de Navarre. - Statistiques

Statistiques générales
  • Ce quiz a été pris 214 fois
  • Le résultat moyen est 37 sur 62
Statistiques - réponses
Dynastie Règne Roi % Correct
Bourbon 1795 - 1824 Louis VII
95%
Capétiens 1305 -1316 Louis Ier
95%
Bourbon 1610 - 1643 Louis II
95%
Bourbon 1724 Louis II
95%
Bourbon 1643 - 1715 Louis III
95%
Bourbon 1715 - 1774 Louis IV
95%
Bourbon 1774 - 1790 Louis V
95%
Blois-Champagne 1270 - 1274 Henri Ier
93%
Albret 1517 - 1555 Henri II
93%
Bourbon 1562 - 1610 Henri III
93%
Capétiens 1322 - 1328 Charles Ier
90%
Évreux-Navarre 1349 - 1387 Charles II
90%
Évreux-Navarre 1387 - 1425 Charles III
90%
Bourbon 1759 - 1788 Charles VI
90%
Bourbon 1788 - 1808 Charles VII
90%
Bourbon 1824 - 1830 Charles IV
90%
Habsbourg 1516 - 1566 Charles IV
90%
Habsbourg 1665 - 1700 Charles V
90%
Habsbourg 1566 - 1598 Philippe IV
84%
Habsbourg 1598 - 1621 Philippe V
84%
Habsbourg 1621 - 1665 Philippe VI
84%
Capétiens 1284 - 1305 Philippe Ier
84%
Capétiens 1316 - 1322 Philippe II
84%
Évreux-Navarre 1328 - 1343 Philippe III
84%
Bourbon 1700 - 1724 Philippe VII
84%
Bourbon 1724 - 1746 Philippe VII
84%
Capétiens 1316 Jean Ier
81%
Trastamare 1425 - 1479 Jean II
81%
Albret 1484 - 1516 Jean III
81%
Capétiens 1328 - 1349 Jeanne II
81%
Foix-Grailly 1479 - 1483 François Fébus
56%
Trastamare 1512 - 1516 Ferdinand Ier
49%
Bourbon 1746 - 1759 Ferdinand II
49%
Bourbon 1808 Ferdinand III
49%
Bourbon 1813 - 1833 Ferdinand III
49%
Albret 1555 - 1572 Jeanne III
47%
Blois-Champagne 1274 - 1305 Jeanne Ire
47%
Bourbon 1833 - 1841 Isabelle Ire
46%
Bonaparte 1808 - 1813 Joseph Ier
45%
Jiménez 1104 - 1134 Alphonse Ier
41%
Jiménez 1094 - 1104 Pierre Ier
39%
Bourbon 1555 - 1562 Antoine de Bourbon
35%
Jiménez 905 - 925 Sanche Ier
31%
Jiménez 970 - 994 Sanche II
31%
Jiménez 1000 - 1035 Sanche III
31%
Jiménez 1054 - 1076 Sanche IV
31%
Jiménez 1076 - 1094 Sanche V
31%
Jiménez 1150 - 1194 Sanche VI
31%
Jiménez 1194 - 1234 Sanche VII
31%
Foix-Grailly 1483 - 1517 Catherine
25%
Évreux-Navarre 1425 - 1441 Blanche Ire
23%
Iñiguez 824 - 851 Eneko Arista
19%
Blois-Champagne 1234 -1253 Thibaut Ier
19%
Blois-Champagne 1253 - 1270 Thibaut II
19%
Iñiguez 851 - 882 García Ier
18%
Jiménez 931 - 970 García II
18%
Jiménez 994 - 1000 Garcia III
18%
Jiménez 1035 - 1054 García IV
18%
Jiménez 1134 - 1150 García V
18%
Trastamare 1479 Éléonore
16%
Iñiguez 882 - 905 Fortún Garcés
10%
Jiménez 925 - 931 Jimeno Garcés
8%
Aucun quiz correspondant
Distribution des résultats
% des personnes avec chaque résultat
Percentile par nombre de réponses
Votre historique - résultats
Vous n’avez pas pris ce quiz